San Marino Country Quiz - Statistics

General Stats
  • This quiz has been taken 11 times
  • The average score is 5 of 15
Answer Stats
Hint Answer % Correct
How many casinos are there in total? 1
90%
What is their official language? Italian
90%
How many municipalities does the country consist of? 9
70%
San Marino is completely encircled by Italy, what is the term for this phenomenon? Enclave
60%
Which country (excluding Italy) contains the most Sanmarinese people? US
40%
What is the title given to their 2 Heads of State? Captains Regent
20%
From which saint does the country derive its name? Saint Marinus
20%
When was the country's last military battle? 1944
10%
On average how many tourists visit each year? 2 million
10%
When was the country founded? 301 AD
10%
What is the name of the song San Marino famously sent to Eurovision in 2019? Adrenalina
10%
How often does San Marino host elections? Every 6 months
10%
In which Olympics did they earn their first medal? Tokyo 2020
10%
What year did they formally join the UN? 1992
0%
What quantity of cigarettes does the country recieve from Italy per annum? 20 tonnes
0%
No matching quizzes found
Score Distribution
Percent of People with Each Score
Percentile by Number Answered
Your Score History
You have not taken this quiz